000 00317nmm a2200145 a 4500
003 AR-BaBNM
005 20251128203134.0
008 034019s1947 ||||||||||||||000 | spa||
040 _cAR-BaBNM
100 1 _aKunin, K.
245 1 0 _aMagallanes
260 _a[S.l.]
_bPartenon
_c1947
942 _cBK
998 _cJacobzon
999 _c2078
_d2078